trouve le chanteur,rap à sa chanson Click Quiz - Statistiques

Statistiques générales
  • Ce quiz a été pris 113 fois
  • Le résultat moyen est 16 sur 31
Statistiques - réponses
Hint Réponse % Correct
Diam's La Boulette (génération nan nan)
86%
Gims Bella
84%
Fatal Bazooka J’aime trop ton boule
79%
Mika Elle me dit
76%
Stromae Tous les mêmes
76%
Ninho Lettre à une femme
75%
Vitaa À fleur de toi
71%
Eminem Mockingbird
71%
France Gall Poupée de cire, poupée de son
70%
Charles Aznavour Hier encore
69%
Tal Le sens de la vie
69%
Johnny Hallyday Que Je T'Aime
68%
Nekfeu On verra
66%
Grégory Lemarchal SOS d’un terrien en détresse
60%
Black M French kiss
59%
Adèle Castillon Amour plastique
58%
Snoop Dogg The Next Episode
57%
Renaud Laisse béton
56%
SCH Fusil
54%
Calogero Le Portrait
52%
Eva Bottega
45%
Jena Lee J'aimerais tellement
41%
LUIZA Soleil bleu
38%
Gradur Traction
33%
Chilla Si j'étais un homme
26%
Hoshi Mauvais rêve
24%
Elsa Lunghini T'En Va Pas
22%
Lynda Si tu m'aimes
16%
Isabela Merced apocalipsis
11%
Imen Es Fantôme
11%
Maska Prie pour moi
10%
Aucun quiz correspondant
Distribution des résultats
% des personnes avec chaque résultat
Percentile par nombre de réponses
Votre historique - résultats
Vous n’avez pas pris ce quiz